| 000 | 02057nea a2200409 i 4500 | ||
|---|---|---|---|
| 001 | 196735 | ||
| 003 | SpMaBN | ||
| 005 | 20250831020452.0 | ||
| 007 | aj*aanzn | ||
| 008 | 241023s1799 fr g r 0 fre | ||
| 034 | 0 | _aa | |
| 035 | _a(SpMaBN)a6615825 | ||
| 035 | _a(OCoLC)1129314318 | ||
| 035 | _a991025506029708606 | ||
| 040 |
_aSpMaBN _bspa _cSpMaBN _erdc _dES-MaACL |
||
| 080 |
_a(739.9) _22015 |
||
| 245 | 0 | 0 |
_aCarte des Iles Sandwich _h[Material Cartográfico] _bd'après la reconnoissance qui en à étè faite dans les differentes Relaches de la Corvette la Découverte et de sa Conserve le Chatam Commandés par le Cap. Vancouver en 1792, 1793 et 1794 et redigée sous sa direction par le Lieutenant Joseph Baker. |
| 255 | _aEscala indeterminada | ||
| 260 |
_a[A Paris] : _b[De L'Imprimerie de la République], _c[1799]. |
||
| 300 |
_a1 mapa ; _c65 x 92 cm |
||
| 336 |
_aImagen (cartográfica ; fija ; bidimensional ; visual) _2isbdcontent |
||
| 337 |
_asin mediación _2isbdmedia |
||
| 338 |
_2rdacarrier _avolumen |
||
| 500 | _aIndica la derrota de los navíos con las fechas | ||
| 501 | _aInserta: "Partie des Iles Gallapagos". - 32 x 19 cm ; "Île des Cocos". - 18 x 18,5 cm | ||
| 596 | _aDatos y año de edición tomados del atlas en el que se encuentra el mapa | ||
| 597 | _aMárgenes graduados. - Red de meridianos y paralelos formando cuadrícula. - Relieve por normales. - Sondas batimétricas. - Rocas, Bancos de arena y Fondeaderos | ||
| 611 | 2 | 0 |
_a Vancouver, Expedición de, _d1791-1795 _9239420 |
| 651 | 0 |
_aHawái (Estados Unidos, Estado)- _vMapas _9239284 |
|
| 655 | 0 |
_9239293 _aMapas topográficos- _yS. XVIII |
|
| 700 | 0 |
_aVancouver, George, _d1757-1798 _9113045 |
|
| 710 | 2 |
_aImprimerie de la République (Francia) _9239285 |
|
| 852 |
_aES-MaACL _cDEPO2 _dOlim: 155-A-2 _dOlim: B-6988 _jGF-116(1) _xEncuadernado con otros mapas formando un volumen facticio. _9204460 |
||
| 942 |
_2udc _n0 _cCARTOGRAFI |
||
| 999 |
_c196735 _d196735 |
||